Linia MPK nr 11 Częstochowa - Statystyki

Ogólne statystyki
  • Ten quiz został rozwiązany 37 razy
  • Średni wynik to 15 z 29
Statystyki odpowiedzi
Hint Odpowiedź % Poprawnych
16 II Aleja Najświętszej Maryi Panny
80%
17 Plac Biegańskiego
80%
18 Plac Biegańskiego
80%
15 Plac Daszyńskiego
80%
1 Legionów
72%
21 Skwer Sokołów
64%
14 Zawodzie-Szpital
64%
20 Korczaka
60%
6 Hallera
56%
19 Kopernika
56%
13 Rynek Narutowicza
56%
22 Św. Kazimierza
56%
8 Złota
56%
29 Cmentarz Św. Rocha
48%
11 Faradaya
48%
27 Kordeckiego-Park Lisiniec
44%
4 Ksse Kusięcka
44%
24 Św. Barbary-Szpital
44%
7 Urząd Celny
44%
12 Wolna
44%
9 Żużlowa
44%
5 Gazownia
40%
23 Jasna Góra
40%
10 Wspólna
40%
25 Zaciszańska
40%
3 Odlewników
36%
2 Berger
32%
26 Huculska
28%
28 Wyszyńskiego
28%
Nie znaleziono quizów pasujących do podanych kryteriów
Rozkład punktacji
Procent ludzi z każdym wynikiem
Percentyl według liczby udzielonych odpowiedzi
Twoja historia wyników
Nie rozwiązałeś tego quizu